[Event "Senior DM 2015"]
[Site "Randers"]
[Date "2015.02.13"]
[Round "7.2"]
[White "Rossen, Claus"]
[Black "Jensen, Bjarne"]
[Result "1-0"]
[LiveChessVersion "1.4.4"]
[BlackElo "1859"]
[WhiteElo "2092"]

1. e4 {[%clk 1:30:58]} e5 {[%clk 1:30:48]} 2. Nf3 {[%clk 1:31:23]} Nc6
{[%clk 1:31:11]} 3. d4 {[%clk 1:31:48]} exd4 {[%clk 1:31:28]} 4. Nxd4
{[%clk 1:32:14]} Bc5 {[%clk 1:31:33]} 5. Be3 {[%clk 1:32:36]} Qf6
{[%clk 1:31:29]} 6. Nb5 {[%clk 1:33:00]} Bxe3 {[%clk 1:29:00]} 7. fxe3
{[%clk 1:33:24]} Kd8 {[%clk 1:15:27]} 8. N1c3 {[%clk 1:32:15]} Nge7
{[%clk 1:14:39]} 9. Nd5 {[%clk 1:26:23]} Nxd5 {[%clk 1:13:56]} 10. exd5
{[%clk 1:26:46]} Qh4+ {[%clk 1:02:48]} 11. g3 {[%clk 1:16:58]} Qe4
{[%clk 1:01:45]} 12. dxc6 {[%clk 1:16:34]} Qxh1 {[%clk 0:59:52]} 13. cxd7
{[%clk 1:16:28]} Bxd7 {[%clk 0:57:42]} 14. Qd4 {[%clk 1:14:51]} Qc6
{[%clk 0:51:13]} 15. O-O-O {[%clk 1:14:14]} Ke7 {[%clk 0:50:17]} 16. Qxg7
{[%clk 0:51:25]} a6 {[%clk 0:39:37]} 17. Qe5+ {[%clk 0:47:33]} Qe6
{[%clk 0:29:12]} 18. Qc5+ 1-0

[Event "Senior DM 2015"]
[Site "Randers"]
[Date "2015.02.13"]
[Round "7.3"]
[White "Christiansen, Arne"]
[Black "Schleicher-Christensen, Jan"]
[Result "0-1"]
[LiveChessVersion "1.4.4"]
[BlackElo "2189"]
[WhiteElo "2086"]

1. Nf3 {[%clk 1:30:51]} Nf6 {[%clk 1:30:47]} 2. c4 {[%clk 1:31:09]} c5
{[%clk 1:31:10]} 3. Nc3 {[%clk 1:31:30]} e6 {[%clk 1:31:14]} 4. g3
{[%clk 1:31:40]} b6 {[%clk 1:31:25]} 5. Bg2 {[%clk 1:32:02]} Bb7 {[%clk 1:31:51]}
6. O-O {[%clk 1:32:16]} a6 {[%clk 1:32:17]} 7. d4 {[%clk 1:30:28]} cxd4
{[%clk 1:32:39]} 8. Nxd4 {[%clk 1:29:43]} Bxg2 {[%clk 1:32:23]} 9. Kxg2
{[%clk 1:30:06]} Qc7 {[%clk 1:32:20]} 10. Qd3 {[%clk 1:28:48]} d6
{[%clk 1:28:47]} 11. b3 {[%clk 1:26:23]} Nbd7 {[%clk 1:29:00]} 12. Bb2
{[%clk 1:26:34]} Be7 {[%clk 1:29:15]} 13. f3 {[%clk 1:25:46]} O-O
{[%clk 1:28:53]} 14. e4 {[%clk 1:25:47]} Rac8 {[%clk 1:28:05]} 15. Rac1
{[%clk 1:25:06]} Rfe8 {[%clk 1:27:52]} 16. Rfd1 {[%clk 1:24:11]} Bf8
{[%clk 1:27:39]} 17. Nde2 {[%clk 1:13:32]} Qb7 {[%clk 1:27:30]} 18. Nd4
{[%clk 0:52:15]} Ne5 {[%clk 1:21:33]} 19. Qe2 {[%clk 0:49:34]} d5
{[%clk 1:15:45]} 20. cxd5 {[%clk 0:44:19]} exd5 {[%clk 1:15:39]} 21. f4
{[%clk 0:43:41]} Nc6 {[%clk 1:07:02]} 22. e5 {[%clk 0:25:22]} Nxd4
{[%clk 1:01:24]} 23. Rxd4 {[%clk 0:25:45]} Bc5 {[%clk 1:01:42]} 24. Rcd1
{[%clk 0:25:46]} Bxd4 {[%clk 1:00:56]} 25. Rxd4 {[%clk 0:26:14]} b5
{[%clk 0:57:45]} 26. Qf3 {[%clk 0:18:36]} Ne4 {[%clk 0:54:22]} 27. Nxd5
{[%clk 0:10:10]} Rc2+ {[%clk 0:53:14]} 28. Kh3 {[%clk 0:10:13]} Qc8+
{[%clk 0:52:55]} 0-1

[Event "Senior DM 2015"]
[Site "Randers"]
[Date "2015.02.13"]
[Round "7.4"]
[White "Sloth, Jørn"]
[Black "Pedersen, Jan Rode"]
[Result "1/2-1/2"]
[LiveChessVersion "1.4.4"]
[BlackElo "2218"]
[WhiteElo "2294"]

1. Nf3 {[%clk 1:30:15]} c5 {[%clk 1:30:49]} 2. b3 {[%clk 1:28:13]} Nc6
{[%clk 1:25:33]} 3. Bb2 {[%clk 1:26:43]} d6 {[%clk 1:25:27]} 4. c4
{[%clk 1:25:35]} e5 {[%clk 1:24:53]} 5. Nc3 {[%clk 1:23:47]} Nf6 {[%clk 1:25:08]}
6. e3 {[%clk 1:22:23]} Be7 {[%clk 1:17:33]} 7. Be2 {[%clk 1:19:58]} O-O
{[%clk 1:16:19]} 8. O-O {[%clk 1:19:19]} Rb8 {[%clk 1:08:08]} 9. d3
{[%clk 1:03:47]} a6 {[%clk 1:06:15]} 10. Nd5 {[%clk 0:55:51]} Be6
{[%clk 1:03:36]} 11. Nxe7+ {[%clk 0:48:35]} Qxe7 {[%clk 1:03:22]} 12. Qc2
{[%clk 0:48:02]} Bf5 {[%clk 0:51:38]} 13. Nd2 {[%clk 0:40:50]} b5
{[%clk 0:46:23]} 14. a3 {[%clk 0:39:34]} Rfc8 {[%clk 0:37:59]} 15. Rac1
{[%clk 0:35:19]} 1/2-1/2

[Event "Senior DM 2015"]
[Site "Randers"]
[Date "2015.02.13"]
[Round "7.6"]
[White "Jørgensen, Jørgen"]
[Black "Kølbæk, Jens"]
[Result "1/2-1/2"]
[LiveChessVersion "1.4.4"]
[BlackElo "2197"]
[WhiteElo "2167"]

1. Nf3 {[%clk 1:30:56]} Nf6 {[%clk 1:30:51]} 2. g3 {[%clk 1:31:11]} g6
{[%clk 1:30:47]} 3. Bg2 {[%clk 1:31:26]} Bg7 {[%clk 1:31:10]} 4. c4
{[%clk 1:31:39]} O-O {[%clk 1:30:51]} 5. d4 {[%clk 1:31:39]} d6 {[%clk 1:30:13]}
6. O-O {[%clk 1:31:40]} Nbd7 {[%clk 1:30:20]} 7. Nc3 {[%clk 1:31:27]} e5
{[%clk 1:30:19]} 8. e4 {[%clk 1:26:52]} c6 {[%clk 1:28:41]} 9. h3
{[%clk 1:26:27]} Re8 {[%clk 1:25:41]} 10. Be3 {[%clk 1:25:37]} exd4
{[%clk 1:18:42]} 11. Nxd4 {[%clk 1:26:04]} Nc5 {[%clk 1:18:48]} 12. Qc2
{[%clk 1:25:54]} a5 {[%clk 1:15:52]} 13. Rfe1 {[%clk 1:21:06]} Qc7
{[%clk 1:09:53]} 14. b3 {[%clk 1:18:10]} Bd7 {[%clk 1:07:53]} 15. Rad1
{[%clk 1:17:24]} Rad8 {[%clk 1:07:32]} 16. a3 {[%clk 1:09:50]} h6
{[%clk 1:05:16]} 17. b4 {[%clk 1:06:18]} axb4 {[%clk 1:04:56]} 18. axb4
{[%clk 1:06:45]} Ne6 {[%clk 1:04:25]} 19. Nxe6 {[%clk 0:55:45]} Bxe6
{[%clk 1:03:57]} 20. Na4 {[%clk 0:54:32]} Nd7 {[%clk 0:56:06]} 21. Bd4
{[%clk 0:41:21]} Bxd4 {[%clk 0:51:52]} 22. Rxd4 {[%clk 0:41:27]} c5
{[%clk 0:52:21]} 23. bxc5 {[%clk 0:40:57]} dxc5 {[%clk 0:52:43]} 24. Rdd1
{[%clk 0:28:22]} Ne5 {[%clk 0:53:06]} 25. Nb2 {[%clk 0:28:31]} Nc6
{[%clk 0:50:15]} 26. Nd3 {[%clk 0:26:01]} Nd4 {[%clk 0:43:51]} 27. Qc1
{[%clk 0:25:41]} Kh7 {[%clk 0:35:14]} 28. Nf4 {[%clk 0:25:28]} Ra8
{[%clk 0:31:39]} 29. Nd5 {[%clk 0:17:17]} Bxd5 {[%clk 0:32:03]} 30. cxd5
{[%clk 0:17:40]} Ra4 {[%clk 0:32:12]} 31. e5 {[%clk 0:16:03]} Rxe5
{[%clk 0:26:40]} 32. Rxe5 {[%clk 0:16:24]} Qxe5 {[%clk 0:27:04]} 33. Qxc5
{[%clk 0:16:43]} Kg7 {[%clk 0:23:57]} 34. Qb6 {[%clk 0:15:59]} Qf6
{[%clk 0:20:28]} 35. d6 {[%clk 0:11:25]} Ne2+ {[%clk 0:14:53]} 36. Kh2
{[%clk 0:11:15]} Rd4 {[%clk 0:13:31]} 37. Rf1 {[%clk 0:06:14]} Rxd6
{[%clk 0:13:01]} 38. Qxb7 {[%clk 0:06:34]} Rd2 {[%clk 0:12:00]} 39. Qf3
{[%clk 0:06:44]} Qxf3 1/2-1/2

[Event "Senior DM 2015"]
[Site "Randers"]
[Date "2015.02.13"]
[Round "7.7"]
[White "Madsen, Svend Aage"]
[Black "Sørensen, Bent"]
[Result "1-0"]
[LiveChessVersion "1.4.4"]
[BlackElo "2196"]
[WhiteElo "2000"]

1. e4 {[%clk 1:30:55]} e6 {[%clk 1:30:56]} 2. b3 {[%clk 1:31:19]} d5
{[%clk 1:29:42]} 3. Bb2 {[%clk 1:31:41]} Nf6 {[%clk 1:28:04]} 4. e5
{[%clk 1:31:29]} Nfd7 {[%clk 1:28:30]} 5. f4 {[%clk 1:30:22]} c5 {[%clk 1:28:24]}
6. Qg4 {[%clk 1:26:17]} Nc6 {[%clk 1:27:29]} 7. Nf3 {[%clk 1:24:32]} Qc7
{[%clk 1:22:26]} 8. Nc3 {[%clk 1:16:13]} a6 {[%clk 1:21:22]} 9. O-O-O
{[%clk 1:10:19]} b5 {[%clk 1:17:44]} 10. f5 {[%clk 0:46:43]} Nb6 {[%clk 1:10:40]}
11. fxe6 {[%clk 0:45:26]} Bxe6 {[%clk 1:10:49]} 12. Qg3 {[%clk 0:43:49]} O-O-O
{[%clk 1:02:09]} 13. Re1 {[%clk 0:37:53]} Kb7 {[%clk 0:59:06]} 14. Ng5
{[%clk 0:35:45]} c4 {[%clk 0:56:14]} 15. Nxe6 {[%clk 0:34:16]} fxe6
{[%clk 0:56:38]} 16. Kb1 {[%clk 0:30:06]} Bc5 {[%clk 0:51:24]} 17. Ne2
{[%clk 0:27:16]} Rhf8 {[%clk 0:48:20]} 18. Nf4 {[%clk 0:25:20]} Qe7
{[%clk 0:39:06]} 19. Be2 {[%clk 0:23:35]} g5 {[%clk 0:34:51]} 20. Nh3
{[%clk 0:23:48]} h6 {[%clk 0:34:58]} 21. Rhf1 {[%clk 0:22:55]} Nd7
{[%clk 0:34:39]} 22. Rxf8 {[%clk 0:20:26]} Rxf8 {[%clk 0:34:58]} 23. Bf3
{[%clk 0:20:04]} Bd4 {[%clk 0:31:23]} 24. Ng1 {[%clk 0:12:28]} Bxb2
{[%clk 0:27:41]} 25. Kxb2 {[%clk 0:12:55]} Qg7 {[%clk 0:27:39]} 26. Bg4
{[%clk 0:08:58]} Ndxe5 {[%clk 0:25:27]} 27. Kb1 {[%clk 0:09:16]} Qf6
{[%clk 0:24:33]} 28. Nf3 {[%clk 0:07:36]} Nxf3 {[%clk 0:22:01]} 29. Bxf3
{[%clk 0:07:33]} Rd8 {[%clk 0:17:01]} 30. Re3 {[%clk 0:03:46]} Nd4
{[%clk 0:12:31]} 31. Qe1 {[%clk 0:03:24]} Kc7 {[%clk 0:11:52]} 32. Bg4
{[%clk 0:02:26]} Re8 {[%clk 0:11:16]} 33. d3 {[%clk 0:01:37]} e5 {[%clk 0:10:16]}
34. dxc4 {[%clk 0:01:46]} bxc4 {[%clk 0:10:21]} 35. Qa5+ {[%clk 0:02:04]} Qb6
{[%clk 0:08:10]} 36. Qxd5 {[%clk 0:02:12]} Qc6 {[%clk 0:05:27]} 37. Rxe5
{[%clk 0:01:23]} Qxd5 {[%clk 0:05:21]} 38. Rxd5 {[%clk 0:01:50]} Nb5
{[%clk 0:05:35]} 39. Rd7+ {[%clk 0:01:14]} Kc6 {[%clk 0:05:57]} 40. bxc4
{[%clk 0:30:57]} Na3+ {[%clk 0:35:52]} 41. Kb2 {[%clk 0:25:45]} Nxc4+
{[%clk 0:36:01]} 42. Kc3 {[%clk 0:25:53]} Ne3 {[%clk 0:30:05]} 43. Rd4
{[%clk 0:25:22]} Re5 {[%clk 0:19:27]} 44. Bf3+ {[%clk 0:23:46]} Kb6
{[%clk 0:18:27]} 45. Rd6+ {[%clk 0:22:53]} Ka5 {[%clk 0:18:50]} 46. Kd4
{[%clk 0:14:45]} Re7 {[%clk 0:18:57]} 47. Be4 {[%clk 0:14:56]} Ng4
{[%clk 0:16:10]} 48. Bd3 {[%clk 0:14:29]} Ra7 {[%clk 0:16:27]} 49. h3
{[%clk 0:14:37]} 1-0

[Event "Senior DM 2015"]
[Site "Randers"]
[Date "2015.02.13"]
[Round "7.8"]
[White "Bauner, Jan"]
[Black "Pedersen, Børge"]
[Result "1/2-1/2"]
[LiveChessVersion "1.4.4"]
[BlackElo "2031"]
[WhiteElo "1973"]

1. d4 {[%clk 1:30:59]} e6 {[%clk 1:29:48]} 2. Nf3 {[%clk 1:30:00]} Nf6
{[%clk 1:29:55]} 3. Bf4 {[%clk 1:29:56]} b6 {[%clk 1:29:49]} 4. e3
{[%clk 1:30:16]} Bb7 {[%clk 1:30:06]} 5. Bd3 {[%clk 1:30:19]} Be7
{[%clk 1:28:31]} 6. Nbd2 c5 {[%clk 1:27:19]} 7. c3 {[%clk 1:28:58]} Nc6
{[%clk 1:25:54]} 8. O-O {[%clk 1:28:44]} O-O {[%clk 1:26:08]} 9. Qc2
{[%clk 1:28:13]} h6 {[%clk 1:24:02]} 10. h3 {[%clk 1:28:22]} Rc8 {[%clk 1:24:12]}
11. a3 {[%clk 1:24:37]} d6 {[%clk 1:20:38]} 12. Rad1 {[%clk 1:20:29]} Re8
{[%clk 1:12:23]} 13. Rfe1 {[%clk 1:18:31]} Bf8 {[%clk 1:11:27]} 14. Bh2
{[%clk 1:16:42]} Qe7 {[%clk 1:10:27]} 15. Nc4 {[%clk 1:07:45]} Red8
{[%clk 1:07:15]} 16. dxc5 {[%clk 0:56:38]} dxc5 {[%clk 1:07:01]} 17. Nd6
{[%clk 0:53:04]} Rxd6 {[%clk 1:04:10]} 18. Bxd6 {[%clk 0:53:21]} Qxd6
{[%clk 1:04:34]} 19. Bh7+ {[%clk 0:53:42]} Nxh7 {[%clk 1:05:00]} 20. Rxd6
{[%clk 0:53:50]} Bxd6 {[%clk 1:05:25]} 21. Rd1 {[%clk 0:51:02]} Bc7
{[%clk 1:04:31]} 22. c4 {[%clk 0:44:51]} Nf6 {[%clk 1:01:21]} 23. b3
{[%clk 0:37:53]} a5 {[%clk 0:58:58]} 24. Qb2 {[%clk 0:33:03]} Rd8
{[%clk 0:57:40]} 25. Rxd8+ {[%clk 0:32:14]} Bxd8 {[%clk 0:55:40]} 26. Nd2
{[%clk 0:30:28]} Bc7 {[%clk 0:54:39]} 27. f3 {[%clk 0:30:13]} Nd7
{[%clk 0:48:32]} 28. Kf2 {[%clk 0:28:14]} f5 {[%clk 0:43:26]} 29. g3
{[%clk 0:23:21]} Be5 {[%clk 0:40:37]} 30. Qc2 {[%clk 0:22:40]} Kf7
{[%clk 0:38:17]} 31. f4 {[%clk 0:21:13]} Bc7 {[%clk 0:37:29]} 32. g4
{[%clk 0:21:04]} Ne7 {[%clk 0:36:57]} 33. Qc3 {[%clk 0:20:38]} Nf6
{[%clk 0:35:49]} 34. gxf5 {[%clk 0:16:53]} exf5 {[%clk 0:35:14]} 35. b4
{[%clk 0:15:32]} Ne4+ {[%clk 0:32:43]} 36. Nxe4 {[%clk 0:15:42]} Bxe4
{[%clk 0:33:03]} 37. bxa5 {[%clk 0:14:14]} bxa5 {[%clk 0:33:21]} 38. Qd2
{[%clk 0:13:54]} Bc6 {[%clk 0:33:08]} 39. Qd1 {[%clk 0:14:00]} g6
{[%clk 0:32:09]} 40. Qa1 {[%clk 0:43:13]} h5 {[%clk 0:55:24]} 41. Qh8
{[%clk 0:43:42]} Ke6 {[%clk 0:51:03]} 42. Qg7 {[%clk 0:43:17]} Be8
{[%clk 0:48:54]} 43. Qf8 {[%clk 0:41:53]} Kd7 {[%clk 0:42:19]} 44. Qf6
{[%clk 0:41:39]} Bd6 {[%clk 0:42:32]} 45. Qh8 {[%clk 0:33:49]} Bf7
{[%clk 0:40:50]} 46. Qc3 {[%clk 0:30:50]} Bc7 {[%clk 0:39:23]} 47. Qd3+
{[%clk 0:30:17]} Ke8 {[%clk 0:38:21]} 48. Qb3 {[%clk 0:29:53]} Kf8
{[%clk 0:35:49]} 49. Qb5 {[%clk 0:29:16]} Be8 {[%clk 0:30:21]} 50. Qxc5
{[%clk 0:29:32]} Bc6 {[%clk 0:30:45]} 51. Qa7 {[%clk 0:26:31]} Bd8
{[%clk 0:31:06]} 52. Qb8 {[%clk 0:26:08]} Ke8 {[%clk 0:31:27]} 53. Qd6
{[%clk 0:23:35]} a4 {[%clk 0:31:29]} 54. Ke2 {[%clk 0:22:36]} Ba5
{[%clk 0:28:07]} 55. Qe5 {[%clk 0:20:58]} Bd8 {[%clk 0:28:30]} 56. Qd6
{[%clk 0:20:13]} Bg2 {[%clk 0:27:26]} 57. Kf2 {[%clk 0:18:20]} Be4
{[%clk 0:27:26]} 58. h4 {[%clk 0:18:22]} Bc6 {[%clk 0:26:54]} 59. Ke2
{[%clk 0:18:22]} Be4 1/2-1/2

[Event "Senior DM 2015"]
[Site "Randers"]
[Date "2015.02.13"]
[Round "7.9"]
[White "Olesen, Poul Erik Nørregaard"]
[Black "Pedersen, Kurt"]
[Result "1-0"]
[LiveChessVersion "1.4.4"]
[BlackElo "1727"]
[WhiteElo "1974"]

1. e4 {[%clk 1:30:54]} c5 {[%clk 1:30:44]} 2. f4 {[%clk 1:29:08]} Nc6
{[%clk 1:30:16]} 3. Nc3 {[%clk 1:28:52]} d6 {[%clk 1:30:15]} 4. Nf3
{[%clk 1:27:46]} g6 {[%clk 1:27:35]} 5. d4 {[%clk 1:19:24]} cxd4 {[%clk 1:26:46]}
6. Nxd4 {[%clk 1:19:45]} Bg7 {[%clk 1:26:50]} 7. Be3 {[%clk 1:19:04]} Nf6
{[%clk 1:26:59]} 8. Be2 {[%clk 1:18:34]} O-O {[%clk 1:20:19]} 9. Nb3
{[%clk 1:16:19]} Be6 {[%clk 1:16:23]} 10. O-O {[%clk 1:10:20]} Rc8
{[%clk 1:12:50]} 11. Bf3 {[%clk 0:57:17]} Qd7 {[%clk 1:04:47]} 12. h3
{[%clk 0:55:44]} Rfd8 {[%clk 0:57:25]} 13. Qe2 {[%clk 0:52:59]} b6
{[%clk 0:47:32]} 14. Rad1 {[%clk 0:46:52]} Qe8 {[%clk 0:47:25]} 15. Qf2
{[%clk 0:44:08]} Bc4 {[%clk 0:44:02]} 16. Rfe1 {[%clk 0:44:11]} e5
{[%clk 0:43:23]} 17. Rd2 {[%clk 0:39:11]} Bxb3 {[%clk 0:37:35]} 18. axb3
{[%clk 0:39:20]} exf4 {[%clk 0:37:03]} 19. Bxf4 {[%clk 0:39:30]} Ne5
{[%clk 0:36:59]} 20. Red1 {[%clk 0:37:38]} Bf8 {[%clk 0:31:17]} 21. Bg5
{[%clk 0:34:08]} Be7 {[%clk 0:28:44]} 22. Qh4 {[%clk 0:28:37]} Kg7
{[%clk 0:25:52]} 23. Be2 {[%clk 0:26:17]} Ng8 {[%clk 0:23:53]} 24. Bxe7
{[%clk 0:22:31]} Qxe7 {[%clk 0:23:34]} 25. Qxe7 {[%clk 0:22:14]} Nxe7
{[%clk 0:23:59]} 26. Rxd6 {[%clk 0:22:27]} Rxd6 {[%clk 0:23:48]} 27. Rxd6
{[%clk 0:22:47]} g5 {[%clk 0:21:55]} 28. Ba6 {[%clk 0:20:05]} Rh8
{[%clk 0:21:15]} 29. Nd5 {[%clk 0:19:53]} N7g6 {[%clk 0:20:53]} 30. Ne3
{[%clk 0:19:32]} Ne7 {[%clk 0:19:37]} 31. Nc4 {[%clk 0:16:24]} N7g6
{[%clk 0:19:24]} 32. Rd5 {[%clk 0:14:42]} Re8 {[%clk 0:19:15]} 33. Nd6
{[%clk 0:14:01]} Rf8 {[%clk 0:17:02]} 34. Nf5+ {[%clk 0:12:43]} Kh8
{[%clk 0:16:51]} 35. Kf2 {[%clk 0:11:15]} h5 {[%clk 0:16:31]} 36. Be2
{[%clk 0:11:18]} Re8 {[%clk 0:14:46]} 37. Rd6 {[%clk 0:09:44]} h4
{[%clk 0:13:51]} 38. g3 {[%clk 0:07:27]} hxg3+ {[%clk 0:13:37]} 39. Kxg3
{[%clk 0:07:16]} Kg8 {[%clk 0:12:53]} 40. Bb5 {[%clk 0:34:36]} Rc8
{[%clk 0:41:21]} 41. c3 {[%clk 0:34:38]} Kh7 {[%clk 0:40:51]} 42. Rd5
{[%clk 0:34:11]} Rf8 {[%clk 0:40:03]} 43. Ne7 {[%clk 0:33:22]} f6
{[%clk 0:37:58]} 44. Nxg6 {[%clk 0:31:06]} Kxg6 {[%clk 0:38:16]} 45. Bd7
{[%clk 0:31:02]} Rh8 {[%clk 0:38:06]} 46. Bf5+ {[%clk 0:30:48]} Kf7
{[%clk 0:37:37]} 47. b4 {[%clk 0:29:21]} Ra8 {[%clk 0:35:00]} 48. b5
{[%clk 0:23:56]} Re8 {[%clk 0:34:24]} 49. b3 {[%clk 0:23:00]} Rh8
{[%clk 0:28:23]} 50. Rd2 {[%clk 0:22:20]} Rh4 {[%clk 0:28:27]} 51. Ra2
{[%clk 0:21:45]} Rf4 {[%clk 0:28:21]} 52. Rxa7+ {[%clk 0:20:29]} Ke8
{[%clk 0:28:10]} 53. Rc7 {[%clk 0:18:56]} Kd8 {[%clk 0:27:58]} 54. Rc8+
{[%clk 0:18:43]} Ke7 {[%clk 0:28:23]} 55. b4 {[%clk 0:18:35]} Rf3+
{[%clk 0:25:21]} 56. Kg2 {[%clk 0:18:54]} Rd3 {[%clk 0:25:26]} 57. Kf2
{[%clk 0:18:41]} Rd2+ {[%clk 0:25:21]} 58. Ke3 {[%clk 0:17:59]} Rc2
{[%clk 0:25:22]} 59. Bg4 {[%clk 0:17:19]} Rb2 {[%clk 0:24:00]} 60. Rc7+
{[%clk 0:12:11]} Kd8 {[%clk 0:22:37]} 61. Rc8+ {[%clk 0:11:44]} Ke7
{[%clk 0:23:03]} 62. Ra8 {[%clk 0:11:08]} Rc2 {[%clk 0:23:03]} 63. Rc8
{[%clk 0:09:21]} Rb2 {[%clk 0:23:22]} 64. Be2 {[%clk 0:09:23]} Kd7
{[%clk 0:23:13]} 65. Rf8 {[%clk 0:09:17]} Ke7 {[%clk 0:23:33]} 66. Rb8
{[%clk 0:09:35]} Rc2 {[%clk 0:23:37]} 67. Rb7+ {[%clk 0:09:17]} Kd8
{[%clk 0:23:38]} 68. Rxb6 {[%clk 0:09:18]} Rxc3+ {[%clk 0:23:55]} 69. Kd4
{[%clk 0:09:04]} Nd7 {[%clk 0:21:43]} 70. Rd6 1-0

[Event "Senior DM 2015"]
[Site "Randers"]
[Date "2015.02.13"]
[Round "7.10"]
[White "Mostrup, Jørn"]
[Black "Andersen, Carl Johan"]
[Result "1-0"]
[LiveChessVersion "1.4.4"]
[BlackElo "1822"]
[WhiteElo "2060"]

1. Nf3 {[%clk 1:30:53]} Nf6 {[%clk 1:30:54]} 2. c4 {[%clk 1:31:20]} c5
{[%clk 1:30:35]} 3. d4 {[%clk 1:31:47]} cxd4 4. Nxd4 {[%clk 1:32:14]} g6
{[%clk 1:31:02]} 5. Nc3 {[%clk 1:32:22]} Bg7 {[%clk 1:31:21]} 6. e4
{[%clk 1:32:49]} d6 {[%clk 1:31:27]} 7. Be2 {[%clk 1:33:15]} Nc6 {[%clk 1:31:38]}
8. Be3 {[%clk 1:33:41]} Bd7 {[%clk 1:31:13]} 9. O-O {[%clk 1:33:31]} O-O
{[%clk 1:31:01]} 10. Rc1 {[%clk 1:29:40]} Nxd4 {[%clk 1:30:36]} 11. Bxd4
{[%clk 1:29:45]} Bc6 {[%clk 1:30:53]} 12. Qd3 {[%clk 1:26:32]} a6
{[%clk 1:30:01]} 13. a4 {[%clk 1:21:51]} Qa5 {[%clk 1:28:04]} 14. f4
{[%clk 1:09:47]} Nd7 {[%clk 1:25:06]} 15. Bxg7 {[%clk 1:03:15]} Kxg7
{[%clk 1:25:26]} 16. f5 {[%clk 0:57:42]} Qc5+ {[%clk 1:24:38]} 17. Kh1
{[%clk 0:57:07]} Ne5 {[%clk 1:25:05]} 18. Qg3 {[%clk 0:56:09]} Nxc4
{[%clk 1:24:51]} 19. f6+ {[%clk 0:47:19]} exf6 {[%clk 1:25:09]} 20. Qf4
{[%clk 0:45:39]} b5 {[%clk 1:22:37]} 21. b3 {[%clk 0:37:44]} Ne3 {[%clk 1:17:51]}
22. Qxf6+ {[%clk 0:38:03]} Kg8 {[%clk 1:18:20]} 23. Nd5 {[%clk 0:38:11]} Nxd5
{[%clk 1:18:43]} 24. exd5 {[%clk 0:38:36]} Qe3 {[%clk 1:10:30]} 25. dxc6
{[%clk 0:38:54]} Qxe2 {[%clk 1:10:57]} 26. Qxd6 {[%clk 0:35:49]} Rad8
{[%clk 1:11:21]} 27. Qf4 {[%clk 0:34:37]} Rd2 {[%clk 1:11:30]} 28. Qf3
{[%clk 0:34:42]} Qxf3 {[%clk 1:08:48]} 29. Rxf3 {[%clk 0:35:09]} bxa4
{[%clk 1:09:15]} 30. bxa4 Rc8 31. Kg1 {[%clk 0:33:32]} Rd4 {[%clk 1:08:50]} 32.
Rb3 {[%clk 0:32:09]} Rd6 {[%clk 1:07:58]} 33. c7 {[%clk 0:32:26]} Re6
{[%clk 1:08:07]} 34. Rb8 {[%clk 0:32:27]} Ree8 {[%clk 1:08:26]} 35. Rcb1
{[%clk 0:30:30]} Kg7 {[%clk 1:07:39]} 36. R1b6 {[%clk 0:26:36]} Rf8 37. R8b7 a5
{[%clk 1:03:31]} 38. Rb5 {[%clk 0:26:51]} Kf6 {[%clk 1:02:46]} 39. Rxa5
{[%clk 0:27:02]} Ke6 {[%clk 1:02:50]} 40. Rc5 {[%clk 0:19:59]} Kd6
{[%clk 1:01:04]} 41. Rc2 {[%clk 0:12:58]} Rfe8 {[%clk 1:00:15]} 42. a5
{[%clk 0:42:09]} Re7 {[%clk 1:30:05]} 43. Rb6+ {[%clk 0:41:30]} Kd7
{[%clk 1:29:23]} 44. a6 {[%clk 0:39:37]} Re1+ {[%clk 1:28:05]} 45. Kf2
{[%clk 0:39:57]} Ra1 {[%clk 1:28:32]} 46. Rf6 {[%clk 0:38:00]} Ke7
{[%clk 1:28:15]} 47. Rfc6 {[%clk 0:38:29]} Kd7 {[%clk 1:28:14]} 48. Kg3
{[%clk 0:37:57]} f5 {[%clk 1:27:54]} 49. Kf4 {[%clk 0:36:01]} Ra4+
{[%clk 1:25:15]} 50. Kf3 {[%clk 0:29:09]} Ra3+ {[%clk 1:24:47]} 51. Kf2
{[%clk 0:29:38]} Ra4 {[%clk 1:24:40]} 52. g3 {[%clk 0:29:04]} Ra3
{[%clk 1:24:56]} 53. h4 {[%clk 0:29:24]} Ra4 {[%clk 1:24:06]} 54. R2c3
{[%clk 0:24:47]} Ra2+ {[%clk 1:23:56]} 55. Kf3 {[%clk 0:25:09]} Ra1
{[%clk 1:23:52]} 56. h5 {[%clk 0:19:33]} g5 {[%clk 1:22:30]} 57. Rh6
{[%clk 0:19:51]} g4+ {[%clk 1:22:22]} 58. Kf4 {[%clk 0:14:20]} Rf1+
{[%clk 1:21:54]} 59. Kg5 {[%clk 0:14:37]} Rg8+ {[%clk 1:20:31]} 60. Kf6
{[%clk 0:14:36]} Rf3 {[%clk 1:17:18]} 61. Rxh7+ {[%clk 0:14:13]} Kd6
{[%clk 1:16:54]} 62. c8=Q {[%clk 0:14:06]} 1-0